000 00884nam a22002297a 4500
003 OSt
005 20240228103410.0
008 210310b 2020 dr ac00| 0 eng d
040 _aDO-SdBNP
_bspa
_cBNPHU
082 4 _a629.13
_bH565d
_222
100 1 _aHerrera, Alejandro,
_d1965-
_978070
245 1 0 _aDesde la tribuna aeronáutica :
_bDiscursos 2011 -2020 /
_cAlejandro Herrera.
260 _aSanto Domingo :
_bIDAC,
_c2020.
300 _a363 p. :
_bil., retrs. ;
_c23 cm.
500 _aIncluye datos biográficos del autor en las solapas
590 _aInventariado, 2021 /LP
600 1 4 _aHerrera, Alejandro,
_d1965-
_vEnsayos, conferencias, etc.
_979626
650 4 _aAviación
_zRepública Dominicana
_vEnsayos, conferencias, etc.
_y2011-2020
_979627
710 2 _aInstituto Dominicano de Aviación Civil
_978071
910 _aValidado. Control de calidad MFF
942 _2ddc
_cLBS1
999 _c49536
_d49536